Kupoval si hlasy voličov? volebnú aktivitu šéfa úradu v Trebišove prešetruje aj polícia

Bibliographic Details
Format: Article
Language:Slovak
PhysicalDescription:Fotogr.
ISSN:1335-4655
Subjects:

MARC

LEADER 00000nab a2200000 ar4500
001 vtls008425916
003 SK-MaSNL
005 20260303065932.0
008 060124c20051227xo mr|p|||||||000 b|slo
038 |a SNSK 
040 |a SNSK  |b slo  |c SNSK  |e AACR2 
041 0 |a slo 
044 |a xo  |c SK 
080 |a 324  |x "2005"  |2 UDC-MRF-SK2 
245 0 0 |a Kupoval si hlasy voličov?  |b volebnú aktivitu šéfa úradu v Trebišove prešetruje aj polícia  |c [autor](kz) 
300 |b Fotogr. 
650 0 7 |a voľby  |2 snsk  |9 1580 
650 0 7 |a voliči  |x strany politické  |z Slovensko  |2 snsk  |9 1066661 
651 7 |a Trebišov (Slovensko)  |2 snsk  |9 26686 
773 0 |t Nový Čas  |g Roč. 15, č. 297 (27.12.2005), s. 10.  |x 1335-4655 
852 |a SNSK  |b KIS3GCP 
999 |c 1753319  |d 1755249